000 00340nam a22000977a 4500
008 130829b xxu||||| |||| 00| 0 eng d
010 _aHCCSF - 118
245 _aHIGH COURT CIVIL SUIT NO. 813 OF 1976 RAMADHAN ALMAS VS. AKAMBA PUBLIC ROAD SERVICES LTD
260 _aUGANDA HIGH COURT
_c24TH FEBRUARY 1977
500 _3BEFORE: JUSTICE P.A.P.J. ALLEN
999 _c5675
_d5675